Normal view
MARC view
- República Dominicana
Entry Nombre Geográfico
001 - NÚMERO DE CONTROL
- campo de control: 13552
003 - IDENTIFICADOR DE NUMERO DE CONTROL
- campo de control: UPN
005 - FECHA Y HORA DE LA ÜLTIMA TRANSACCIÓN
- campo de control: 20240426101538.0
008 - DATOS DE LONGITUD FIJA
- campo de control de longitud fija: 240426n||acnnnbabn | ana |d
035 ## - NÚMERO DE CONTROL
- Número de control: UPN10000013560
040 ## - FUENTE DE CATALOGACIÓN
- Lenguaje de catalogación: spa
- Agencia de transcripción: MX-MxUPN
- Agencia de catalogación original: MX-MxUPN
151 ## - ENCABEZAMIENTO - NOMBRE GEOGRÁFICO
- Nombre geográfico: República Dominicana
- Subdivisión general : Condiciones económicas
670 ## - FUENTE EN LA QUE SE LOCALIZARON DATOS
- Cita de la fuente: E/P
670 ## - FUENTE EN LA QUE SE LOCALIZARON DATOS
- Cita de la fuente: Autoridades BGTQ, 26 abril 2024 :
- Información localizada: (República Dominicana-Condiciones económicas)
902 ## - CATALOGADOR
- Catalogador: MMA/101202
